[Event "Titled Tuesday intern op 11th Apr Early"]
[Site "Chess.com INT"]
[Date "2023.04.11"]
[Round "6"]
[White "Narayanan, Srinath"]
[Black "Kumala, Aleksander"]
[Result "1-0"]
[WhiteElo "2559"]
[BlackElo "2165"]
[PlyCount "95"]
[EventDate "2023.04.11"]
[EventType "swiss (blitz)"]
[EventRounds "11"]
[EventCountry "USA"]
[SourceTitle "CBM 213 Extra"]
[Source "ChessBase"]
[SourceDate "2023.05.31"]
[SourceVersion "1"]
[SourceVersionDate "2023.05.31"]
[SourceQuality "1"]

1. Nf3 Nf6 2. c4 e6 3. d4 Nc6 4. g3 Bb4+ 5. Nbd2 d6 6. Bg2 Qe7 7. 0-0 Bxd2 8. Bxd2 e5 9. dxe5 Nxe5 10. Nxe5 dxe5 11. Qa4+ Bd7 12. Qb3 Rb8 13. Be3 b6 14. h3 0-0 15. Rfd1 Rfd8 16. Qc3 a5 17. c5 Bb5 18. cxb6 cxb6 19. Rxd8+ Qxd8 20. Qxe5 Bxe2 21. Bf4 Rc8 22. Qxe2 h6 23. Rd1 Qf8 24. Bd6 Qe8 25. Qxe8+ Nxe8 26. Be5 f6 27. Bc3 Kf7 28. h4 Kg6 29. Be4+ f5 30. Bf3 a4 31. a3 b5 32. Rd7 Nf6 33. h5+ Nxh5 34. Bxh5+ Kxh5 35. Rxg7 b4 36. Bxb4 Rc2 37. Bc3 Re2 38. Kg2 Re6 39. Kh3 Re2 40. f3 Re3 41. Kg2 Re2+ 42. Kf1 Rc2 43. Be1 Rc4 44. Kg2 Rd4 45. Bf2 Rc4 46. Kh3 Rh4+ 47. gxh4 f4 48. Ra7 1-0

[Event "Titled Tuesday intern op 14th Feb Early"]
[Site "Chess.com INT"]
[Date "2023.02.14"]
[Round "9"]
[White "Lorenzo de la Riva, Lazaro"]
[Black "Kumala, Aleksander"]
[Result "0-1"]
[WhiteElo "2419"]
[BlackElo "2158"]
[PlyCount "98"]
[EventDate "2023.02.14"]
[EventType "swiss (blitz)"]
[EventRounds "11"]
[EventCountry "USA"]
[SourceTitle "CBM 212 Extra"]
[Source "ChessBase"]
[SourceDate "2023.03.31"]
[SourceVersion "1"]
[SourceVersionDate "2023.03.31"]
[SourceQuality "1"]

1. b3 d5 2. Bb2 Bg4 3. h3 Bh5 4. d3 Nf6 5. Nd2 e6 6. Ngf3 c6 7. g4 Bg6 8. Ne5 Nbd7 9. Nxg6 hxg6 10. Bg2 Bd6 11. e3 e5 12. a3 Qe7 13. c4 0-0-0 14. cxd5 cxd5 15. b4 Kb8 16. Qb3 Rc8 17. g5 Nh5 18. Bxd5 Qxg5 19. Bxb7 Rc7 20. Bf3 f5 21. Nc4 e4 22. dxe4 Rxc4 23. Qxc4 Bg3 24. Ke2 Bxf2 25. Qb5+ Nb6 26. Be5+ Kc8 27. Rac1+ Kd8 28. Rhd1+ Ke7 29. Rc7+ Kf8 30. Kxf2 Qh4+ 31. Ke2 fxe4 32. Bg4 Kg8 33. Qe8+ Kh7 34. Qf7 Rg8 35. Rxa7 Ng3+ 36. Bxg3 Qxg3 37. Rf1 Qg2+ 38. Rf2 Qg1 39. Qf4 Nd5 40. Qxe4 Nc3+ 41. Kf3 Nxe4 42. Rg2 Rf8+ 43. Kxe4 Qxg2+ 44. Kd3 Rd8+ 45. Kc4 Qc6+ 46. Kb3 Rd3+ 47. Kb2 Qc3+ 48. Kb1 Rd2 49. Bf5 Qb2# 0-1

[Event "Titled Tuesday intern op 14th Feb Early"]
[Site "Chess.com INT"]
[Date "2023.02.14"]
[Round "10"]
[White "Mushini, Ajay"]
[Black "Kumala, Aleksander"]
[Result "0-1"]
[WhiteElo "2310"]
[BlackElo "2158"]
[PlyCount "46"]
[EventDate "2023.02.14"]
[EventType "swiss (blitz)"]
[EventRounds "11"]
[EventCountry "USA"]
[SourceTitle "CBM 212 Extra"]
[Source "ChessBase"]
[SourceDate "2023.03.31"]
[SourceVersion "1"]
[SourceVersionDate "2023.03.31"]
[SourceQuality "1"]

1. d4 Nf6 2. c4 Nc6 3. Nc3 e5 4. d5 Ne7 5. e4 Ng6 6. Be3 Bb4 7. Bd3 0-0 8. Nge2 d6 9. 0-0 Nh5 10. a3 Bxc3 11. Nxc3 Nhf4 12. Ne2 Nxd3 13. Qxd3 f5 14. f3 f4 15. Bf2 Qg5 16. c5 Bh3 17. g3 Bxf1 18. Rxf1 fxg3 19. hxg3 Nf4 20. Nxf4 exf4 21. g4 h5 22. Qe2 hxg4 23. fxg4 f3 0-1

[Event "Titled Tuesday intern op 07th Feb Early"]
[Site "Chess.com INT"]
[Date "2023.02.07"]
[Round "9"]
[White "Ilinca Ilinca, Felix Antonio"]
[Black "Kumala, Aleksander"]
[Result "1-0"]
[WhiteElo "2227"]
[BlackElo "2158"]
[PlyCount "83"]
[EventDate "2023.02.07"]
[EventType "swiss (blitz)"]
[EventRounds "11"]
[EventCountry "USA"]
[SourceTitle "EXT 2024"]
[Source "ChessBase"]
[SourceDate "2023.10.10"]
[SourceVersion "1"]
[SourceVersionDate "2023.10.10"]
[SourceQuality "1"]

1. e4 e5 2. Nc3 Nf6 3. Bc4 Nxe4 4. Qh5 Nd6 5. Bb3 Nc6 6. Nb5 g6 7. Qf3 f5 8. Qd5 Qf6 9. Nxc7+ Kd8 10. Nxa8 b5 11. d3 Bb7 12. Nf3 Nd4 13. Qc5 Nxf3+ 14. gxf3 Bxa8 15. Bd5 Bxd5 16. Qxd5 g5 17. Bd2 Bg7 18. a4 Ke7 19. axb5 Rc8 20. c4 g4 21. Bb4 e4 22. Ra6 exd3 23. Rxd6 d2+ 24. Kd1 Qxb2 25. Rxd7+ Kf6 26. Qf7+ Kg5 27. Qxg7+ Qxg7 28. Rxg7+ Kf4 29. fxg4 Rxc4 30. Bxd2+ Kf3 31. gxf5 a6 32. bxa6 Ra4 33. a7 h5 34. Kc2 h4 35. Kb2 h3 36. Ra1 Re4 37. a8Q Kxf2 38. Rg2+ hxg2 39. Qxe4 g1N 40. Qe3+ Kg2 41. Rxg1+ Kxh2 42. Qg3# 1-0

[Event "Titled Tuesday intern op 07th Feb Early"]
[Site "Chess.com INT"]
[Date "2023.02.07"]
[Round "2"]
[White "Kukhmazov, Arsen"]
[Black "Kumala, Aleksander"]
[Result "1-0"]
[WhiteElo "2495"]
[BlackElo "2158"]
[PlyCount "147"]
[EventDate "2023.02.07"]
[EventType "swiss (blitz)"]
[EventRounds "11"]
[EventCountry "USA"]
[SourceTitle "EXT 2024"]
[Source "ChessBase"]
[SourceDate "2023.10.10"]
[SourceVersion "1"]
[SourceVersionDate "2023.10.10"]
[SourceQuality "1"]

1. d4 Nf6 2. c4 Nc6 3. Nf3 e6 4. Nc3 Bb4 5. Bd2 0-0 6. g3 d6 7. Bg2 Qe7 8. 0-0 e5 9. d5 Nb8 10. Qc2 a5 11. Bg5 Bxc3 12. Qxc3 Nbd7 13. b3 Nc5 14. Bc1 b5 15. cxb5 Nxd5 16. Qd2 Bb7 17. Ba3 Ne4 18. Qc2 f5 19. Rac1 Kh8 20. Nd2 Nec3 21. Nc4 f4 22. b6 fxg3 23. hxg3 c5 24. e4 Nf4 25. gxf4 Bxe4 26. Qxc3 Bxg2 27. Kxg2 Rxf4 28. Qg3 Raf8 29. Ne3 Qe6 30. b7 Rb8 31. Rh1 Rxb7 32. Rh4 Rbf7 33. Rc2 h6 34. Bc1 Qf6 35. Rh1 Rd4 36. Ng4 Qg6 37. Nxh6 Qxg3+ 38. fxg3 gxh6 39. Rxh6+ Kg7 40. Rh4 Rd1 41. Be3 Rff1 42. Ra4 Rfe1 43. Bf2 Rh1 44. Rxa5 Kf6 45. Ra6 Kf5 46. a4 Rh7 47. a5 Rb1 48. Rb6 Ra7 49. a6 Ra1 50. Rxd6 R7xa6 51. Rxa6 Rxa6 52. Rxc5 Ra3 53. b4 Kg4 54. Rc4+ Kf5 55. g4+ Kg5 56. b5 Rb3 57. b6 Kg6 58. Re4 Kf6 59. Be3 Ke6 60. Kf3 Kd5 61. g5 Rb1 62. Rg4 Rf1+ 63. Ke2 Rb1 64. g6 e4 65. Rg5+ Kc4 66. Rc5+ Kb4 67. Rc2 Kb3 68. Rc8 Rh1 69. b7 Ka2 70. Ra8+ Kb1 71. b8Q+ Kc2 72. Qc7+ Kb2 73. Rb8+ Ka2 74. Qa7# 1-0

[Event "Titled Tuesday intern op 15th Nov Late"]
[Site "Chess.com INT"]
[Date "2022.11.15"]
[Round "3"]
[White "Bernat, David"]
[Black "Kumala, Aleksander"]
[Result "0-1"]
[WhiteElo "1862"]
[BlackElo "2158"]
[PlyCount "128"]
[EventDate "2022.11.15"]
[EventType "swiss (blitz)"]
[EventRounds "11"]
[EventCountry "USA"]
[SourceTitle "CBM 211 Extra"]
[Source "ChessBase"]
[SourceDate "2023.01.31"]
[SourceVersion "1"]
[SourceVersionDate "2023.01.31"]
[SourceQuality "1"]

1. c4 h5 2. Nc3 h4 3. d4 e6 4. e4 b6 5. Nf3 h3 6. g3 Bb7 7. Ng5 Bb4 8. d5 Qf6 9. Nxh3 exd5 10. cxd5 Bxc3+ 11. bxc3 Qxc3+ 12. Bd2 Qd4 13. f3 Nf6 14. Nf2 Na6 15. Rc1 Nc5 16. Bc3 Qe3+ 17. Be2 Ba6 18. Bd4 Nd3+ 19. Nxd3 Qxd4 20. Nf2 Qe3 21. Qd2 Qxd2+ 22. Kxd2 Bxe2 23. Kxe2 0-0-0 24. Rc2 Kb7 25. Rhc1 Rc8 26. Nd3 Rxh2+ 27. Ke3 Rxc2 28. Rxc2 Rh8 29. g4 Rh3 30. Kf4 d6 31. Nf2 Rh2 32. Kg3 Rh8 33. Nd3 Rh1 34. Nb4 Rg1+ 35. Kf2 Rh1 36. Kg2 Ra1 37. Nc6 Nd7 38. Nd8+ Kb8 39. Nxf7 a5 40. f4 b5 41. Re2 a4 42. e5 dxe5 43. fxe5 b4 44. e6 Nf6 45. g5 Ne8 46. Ne5 b3 47. axb3 axb3 48. Nc4 Ra2 49. Kf3 Kb7 50. Rxa2 bxa2 51. Na5+ Kb6 52. Nb3 Kb5 53. Ke4 Kc4 54. Na1 Kc3 55. Ke5 Kb2 56. e7 Kxa1 57. Ke6 Kb2 58. Kd7 Nd6 59. Kxc7 a1Q 60. Kxd6 Qa4 61. Ke6 Qe4+ 62. Kd6 Kc3 63. g6 Kc4 64. Kc7 Qxe7+ 0-1

[Event "Titled Tuesday intern op 15th Nov Late"]
[Site "Chess.com INT"]
[Date "2022.11.15"]
[Round "4"]
[White "Kumala, Aleksander"]
[Black "Li, Xueyi"]
[Result "1/2-1/2"]
[WhiteElo "2158"]
[BlackElo "2297"]
[PlyCount "135"]
[EventDate "2022.11.15"]
[EventType "swiss (blitz)"]
[EventRounds "11"]
[EventCountry "USA"]
[SourceTitle "CBM 211 Extra"]
[Source "ChessBase"]
[SourceDate "2023.01.31"]
[SourceVersion "1"]
[SourceVersionDate "2023.01.31"]
[SourceQuality "1"]

1. d4 d5 2. Bg5 f6 3. Bd2 Bf5 4. f3 e6 5. Nc3 Bg6 6. h4 Bd6 7. Be3 Ne7 8. h5 Bf7 9. Qd2 Nd7 10. g4 Bg3+ 11. Bf2 Bxf2+ 12. Kxf2 c5 13. e4 cxd4 14. Qxd4 Nc6 15. Qd2 Qb6+ 16. Kg2 d4 17. Nb5 0-0 18. b3 a6 19. Nd6 Kh8 20. Nxf7+ Rxf7 21. Bc4 Re7 22. Ne2 Nde5 23. Bd3 Nxd3 24. cxd3 Rc7 25. Rac1 Rac8 26. Qf4 e5 27. Qg3 Nb4 28. h6 g5 29. Rxc7 Qxc7 30. Rc1 Qd8 31. Rxc8 Qxc8 32. Qe1 Nxd3 33. Qa5 Nf4+ 34. Nxf4 gxf4 35. Qb6 Qf8 36. Qxb7 Qxh6 37. Qc8+ Kg7 38. Qd7+ Kg8 39. Qc8+ Qf8 40. Qxa6 Qd8 41. Qe6+ Kg7 42. g5 d3 43. Qxf6+ Qxf6 44. gxf6+ Kxf6 45. Kf2 h5 46. a4 h4 47. a5 h3 48. a6 d2 49. a7 d1Q 50. a8Q Qd2+ 51. Kf1 h2 52. Qf8+ Ke6 53. Qe8+ Kf6 54. Qf8+ Kg5 55. Qg7+ Kh5 56. Qh7+ Kg5 57. Qg7+ Kh5 58. Qh7+ Kg5 59. Qf5+ Kh6 60. Qf6+ Kh7 61. Qf7+ Kh6 62. Qe6+ Kh7 63. Qf5+ Kh6 64. Qf8+ Kh7 65. Qe7+ Kh6 66. Qf6+ Kh7 67. Qf7+ Kh6 68. Qf6+ 1/2-1/2

[Event "Titled Tuesday intern op 08th Nov Late"]
[Site "Chess.com INT"]
[Date "2022.11.08"]
[Round "5"]
[White "Kumala, Aleksander"]
[Black "Alexikov, Alexander"]
[Result "1-0"]
[WhiteElo "2158"]
[BlackElo "2223"]
[PlyCount "53"]
[EventDate "2022.11.08"]
[EventType "swiss (blitz)"]
[EventRounds "11"]
[EventCountry "USA"]
[SourceTitle "EXT 2024"]
[Source "ChessBase"]
[SourceDate "2023.10.10"]
[SourceVersion "1"]
[SourceVersionDate "2023.10.10"]
[SourceQuality "1"]

1. d4 Nf6 2. Bg5 e6 3. Nd2 h6 4. Bh4 d6 5. e3 Be7 6. Bd3 b6 7. Qf3 c6 8. c3 Qc7 9. Ne2 Bb7 10. 0-0 Nbd7 11. a4 c5 12. e4 g5 13. Bg3 h5 14. h4 g4 15. Qe3 e5 16. a5 Bf8 17. a6 Bc8 18. f4 gxf3 19. Qxf3 Bh6 20. dxe5 dxe5 21. Nc4 Bg7 22. Ne3 Rf8 23. Bb5 Bh6 24. Nf5 Bf4 25. Nxf4 exf4 26. Bxf4 Qd8 27. Nd6+ 1-0

[Event "Titled Tuesday intern op 08th Nov Late"]
[Site "Chess.com INT"]
[Date "2022.11.08"]
[Round "7"]
[White "Kumala, Aleksander"]
[Black "Brown, Andrew"]
[Result "1-0"]
[WhiteElo "2158"]
[BlackElo "2279"]
[PlyCount "77"]
[EventDate "2022.11.08"]
[EventType "swiss (blitz)"]
[EventRounds "11"]
[EventCountry "USA"]
[SourceTitle "EXT 2024"]
[Source "ChessBase"]
[SourceDate "2023.10.10"]
[SourceVersion "1"]
[SourceVersionDate "2023.10.10"]
[SourceQuality "1"]

1. d4 g6 2. e4 Bg7 3. h4 h5 4. g4 hxg4 5. Qxg4 d5 6. Qg2 dxe4 7. c3 Nf6 8. Bg5 0-0 9. Nd2 Bf5 10. 0-0-0 Nc6 11. Bxf6 exf6 12. h5 Re8 13. Bc4 Kf8 14. Ne2 Na5 15. h6 Bh8 16. Bb5 c6 17. Ba4 e3 18. fxe3 Rxe3 19. Ng3 Bg4 20. Rde1 Qe7 21. Nge4 Rxe1+ 22. Rxe1 Bf5 23. Bc2 Re8 24. Rf1 Qc7 25. b4 Bxe4 26. Bxe4 f5 27. Bc2 Re3 28. Rf3 Re1+ 29. Kb2 Qb6 30. Rf1 Re3 31. Kc1 Bxd4 32. bxa5 Qxa5 33. cxd4 Qa3+ 34. Kd1 Qb2 35. h7 Kg7 36. Rh1 Kh8 37. Qh2 Qa1+ 38. Bb1 Qxd4 39. Qb8+ 1-0

[Event "POL-chT 2nd League"]
[Site "Jastrzebia Gora"]
[Date "2022.09.06"]
[Round "4.37"]
[White "Kumala, Aleksander"]
[Black "Kokoszczynski, Jan"]
[Result "1/2-1/2"]
[WhiteElo "2175"]
[BlackElo "2313"]
[PlyCount "44"]
[EventDate "2022.09.03"]
[EventType "team-swiss"]
[EventRounds "9"]
[EventCountry "POL"]
[SourceTitle "CBM 210 Extra"]
[Source "ChessBase"]
[SourceDate "2022.11.30"]
[SourceVersion "1"]
[SourceVersionDate "2022.11.30"]
[SourceQuality "1"]
[WhiteTeam "Debica Gryf"]
[BlackTeam "Plock Hetman"]
[WhiteTeamCountry "POL"]
[BlackTeamCountry "POL"]

1. d4 d5 2. Nf3 Nf6 3. Bf4 e6 4. e3 c5 5. c3 Nc6 6. Nbd2 Bd6 7. Ne5 Qc7 8. Nxc6 bxc6 9. Bxd6 Qxd6 10. Qa4 cxd4 11. cxd4 0-0 12. Rc1 Bd7 13. Bd3 e5 14. 0-0 Rfc8 15. Nb3 e4 16. Be2 Bg4 17. Ba6 Rc7 18. Nc5 Rb8 19. b4 Bd7 20. Be2 Bg4 21. Ba6 Bd7 22. Be2 Bg4 1/2-1/2

[Event "Suwalki Warakomska Memorial 6th"]
[Site "Suwalki"]
[Date "2022.08.08"]
[Round "7"]
[White "Kumala, Aleksander"]
[Black "Sakalauskas, Vaidas"]
[Result "0-1"]
[WhiteElo "2125"]
[BlackElo "2350"]
[PlyCount "40"]
[EventDate "2022.08.03"]
[EventType "swiss"]
[EventRounds "9"]
[EventCountry "POL"]
[SourceTitle "CBM 209 Extra"]
[Source "ChessBase"]
[SourceDate "2022.09.30"]
[SourceVersion "1"]
[SourceVersionDate "2022.09.30"]
[SourceQuality "1"]

1. c4 g6 2. g3 c6 3. Bg2 d5 4. cxd5 cxd5 5. d4 Bg7 6. Nc3 Nf6 7. Nf3 0-0 8. 0-0 Ne4 9. Nxe4 dxe4 10. Ne5 Qd5 11. Be3 Nd7 12. Nd3 Nf6 13. Nc5 b6 14. Na4 Qh5 15. f3 Nd5 16. g4 Nxe3 17. gxh5 Nxd1 18. Raxd1 Ba6 19. Nc3 Rfd8 20. hxg6 hxg6 0-1